Statistics for Top 10 Most Underrated WRs of All-Time

Click here to take the quiz!

General Stats

  • This quiz has been taken 7 times
  • The average score is 4 of 10

Answer Stats

RankWR% Correct
6. DAL/PHI/JAXJimmy Smith
86%
3. CAR/BALSteve Smith Sr.
86%
1. GBPDon Hutson
71%
2. SDC/DALLance Alworth
43%
9. MIA/GBPMark Clayton
43%
4. NYJDon Maynard
29%
8. DETHerman Moore
29%
7. NYGFrank Gifford
14%
5. LARElroy Hirsch
0%
10. CHIJohnny Morris
0%

Score Distribution

Percentile by Number Answered

Percent of People with Each Score

Your Score History

You have not taken this quiz